Rita Ackermann /

Bibliographic Details
Main Author: Ackermann, Rita
Other Authors: Smith, Josh (Joshua), 1976-
Format: Book
Language:English
Published: New York, N.Y. : Skira Rizzoli, 2011.
Subjects:

MARC

Tag First Indicator Second Indicator Subfields
LEADER 00000cam a2200000Ka 4500
001 in00002727310
005 20151202144244.0
008 110121s2011 nyua b 000 0 eng d
015 |a GBB181086  |2 bnb 
016 7 |a 015841717  |2 Uk 
019 |a 751831712 
020 |a 9780847836642 
020 |a 0847836649 
035 |a (OCoLC)ocn698332660 
035 |a (OCoLC)698332660 
040 |a BTCTA  |b eng  |c BTCTA  |d NGA  |d HCO  |d YDXCP  |d BWX  |d UKMGB  |d UtOrBLW 
049 |a TXAM 
050 4 |a N6537.A288  |b A4 2011 
082 0 4 |a 759.13  |2 22 
100 1 |a Ackermann, Rita. 
245 1 0 |a Rita Ackermann /  |c contributions by Josh Smith [and others]. 
264 1 |a New York, N.Y. :  |b Skira Rizzoli,  |c 2011. 
300 |a 223 pages :  |b chiefly color illustrations ;  |c 29 cm. 
336 |a text  |b txt  |2 rdacontent 
337 |a unmediated  |b n  |2 rdamedia 
338 |a volume  |b nc  |2 rdacarrier 
500 |a Includes an interview with the artist. 
505 0 0 |t Dear Rita /  |r Josh Smith --  |t Rita Ackermann /  |r Bonnie Clearwater --  |t To be the knife : notes on Rita Ackermann /  |r John Kelesy --  |t From collage to indifference : the poetics of Rita Ackermann /  |r Felix Ensslin --  |t A conversation with Harmony Korine and Rita Ackermann --  |t Biography. 
504 |a Includes bibliographical references (pages 220-222). 
600 1 0 |a Ackermann, Rita. 
650 0 |a Art, Modern  |y 20th century. 
650 0 |a Art, Modern  |y 21st century. 
650 0 |a Art, American  |y 20th century. 
650 0 |a Art, American  |y 21st century. 
700 1 |a Smith, Josh  |q (Joshua),  |d 1976- 
938 |a Baker and Taylor  |b BTCP  |n BK0009532962 
938 |a YBP Library Services  |b YANK  |n 6827701 
938 |a Blackwell Book Service  |b BBUS  |n 6827701 
947 |a A14840516632 
945 |a PromptCat  |b 653333 
946 |a stk 
994 |a 92  |b TXA 
948 |a Cataloged  |b h  |c 2011/11/21  |d c  |e EGrant  |  f 8:11:45 AM 
999 |a MARS 
999 f f |s 03b78d7c-5d80-3658-99ac-abcf3dd6f54c  |i be99c90a-0149-39f2-a739-2af9a8ff1606  |t 0 
952 f f |p normal  |a Texas A&M University  |b College Station  |c Sterling C. Evans Library  |s Evans pres repr  |d Evans: Preservation Repair (see AskUs desk for assistance)  |t 0  |e N6537.A288 A4 2011  |h Library of Congress classification  |i unmediated -- volume  |m A14840516632 
998 f f |a N6537.A288 A4 2011  |t 0  |l Evans: Library Stacks